00737nam a2200169 i 4500001000700000003000900007005001700016008004100033100003400074245013900108260006100247300004400308490005200352700002200404830005200426852008900478188290ES-MaACL20240501063102.0180723s1921 it |||| | ita d1 aLeopardi, Giacomo,d1798-183710aParalipomeni della batracomiomachia e altre poesie ironiche e satiriche / cGiacomo Leopardi ; introduzione e note di Ettore Allodoli. aTorino : bUnione Tipografico-Editrice Torinese, c1921. aLX, 199 p., [2] p. de lám. ; c18 cm.1 aCollezione di classici italiani con note ; v321 aAllodoli, Ettore.0 aCollezione di classici italiani con note ; v32 aES-MaACLjL-32189 z.- Donat. herederos de la bibl. de Mª del Pilar Costa Palacín